[Event "WchT Blitz Pool C"]
[Site "London"]
[Date "2025.06.14"]
[Round "1.4"]
[White "Mungunzul, Bat Erdene"]
[Black "Camacho Collados, Marcos"]
[Result "1-0"]
[WhiteElo "2337"]
[BlackElo "2462"]
[PlyCount "151"]
[EventDate "2025.06.14"]
[EventType "team-tourn"]
[EventRounds "13"]
[EventCountry "ENG"]
[SourceTitle "CB25_2025"]
[SourceDate "2025.06.18"]
[SourceVersion "1"]
[SourceVersionDate "2025.06.18"]
[SourceQuality "1"]
[WhiteTeam "Mongolia II"]
[BlackTeam "Duobeniajan Costa Calida"]
[WhiteTeamCountry "MGL"]
[BlackTeamCountry "ESP"]

1. d4 Nf6 2. c4 e6 3. Nc3 Bb4 4. Qc2 b6 5. e4 c5 6. d5 Qe7 7. Be2 exd5 8. exd5 0-0 9. Bd2 Re8 10. 0-0-0 d6 11. Bd3 Nbd7 12. f4 Bxc3 13. Bxc3 Qe3+ 14. Bd2 Qf2 15. Nh3 Qxg2 16. Ng5 Ba6 17. Nxh7 Ne4 18. Rhg1 Qf3 19. Rdf1 Nxd2 20. Rxf3 Nxf3 21. Rf1 Re1+ 22. Rxe1 Nxe1 23. Qe2 Nxd3+ 24. Qxd3 Re8 25. Ng5 Nf6 26. Kd2 Bc8 27. h3 g6 28. Qa3 Re7 29. Qa4 Bf5 30. Qc6 Ne4+ 31. Nxe4 Rxe4 32. b3 Rxf4 33. Qxd6 Rd4+ 34. Kc1 Bxh3 35. Qb8+ Kh7 36. Qh2 Rh4 37. d6 Rh5 38. Qe5 Be6 39. Qf6 Rh1+ 40. Kd2 Rh2+ 41. Ke3 Rh3+ 42. Ke2 Rh2+ 43. Ke3 Rh3+ 44. Kf4 Rd3 45. Qe7 Kg7 46. a4 a5 47. Qc7 Rxb3 48. d7 Bxd7 49. Qxd7 Rb4 50. Qd5 Rxa4 51. Ke5 Ra2 52. Qc6 Re2+ 53. Kf4 Re6 54. Qa8 Rf6+ 55. Kg4 Rd6 56. Kf3 g5 57. Qb8 Rf6+ 58. Kg3 Re6 59. Qd8 Kg6 60. Qg8+ Kf6 61. Qd8+ Kf5 62. Qd3+ Kf6 63. Qd8+ Kg6 64. Qg8+ Kf6 65. Qd8+ Kf5 66. Qd3+ Ke5 67. Qd5+ Kf6 68. Kg4 Re5 69. Qd8+ Ke6 70. Qe8+ Kf6 71. Qd8+ Kg7 72. Qxb6 Re4+ 73. Kxg5 Rxc4 74. Qf6+ Kg8 75. Kh6 Rg4 76. Qd8# 1-0

[Event "San Vicente op 9th"]
[Site "San Vicente"]
[Date "2025.04.21"]
[Round "9"]
[White "Kiladze, Luka"]
[Black "Camacho Collados, Marcos"]
[Result "0-1"]
[WhiteElo "2380"]
[BlackElo "2468"]
[PlyCount "78"]
[EventDate "2025.04.16"]
[EventType "swiss"]
[EventRounds "9"]
[EventCountry "ESP"]
[SourceTitle "CB17_2025"]
[SourceDate "2025.04.23"]
[SourceVersion "1"]
[SourceVersionDate "2025.04.23"]
[SourceQuality "1"]

1. d4 Nf6 2. Nc3 d5 3. Bf4 a6 4. e3 b5 5. Be2 e6 6. g4 Bb7 7. g5 Nfd7 8. Nf3 c5 9. h4 Nc6 10. a3 Be7 11. Nb1 Qb6 12. c3 a5 13. h5 Rc8 14. Nbd2 b4 15. Rh2 0-0 16. Kf1 Kh8 17. g6 h6 18. Rg2 fxg6 19. Rxg6 Rf6 20. Kg2 Qd8 21. Qh1 Nf8 22. Rg4 bxc3 23. bxc3 Bd6 24. Qh4 Bxf4 25. Rxf4 Nd7 26. Rg4 e5 27. Qg3 Qe7 28. Nh4 exd4 29. cxd4 cxd4 30. Ndf3 dxe3 31. Ng6+ Rxg6 32. Rxg6 Nce5 33. Nd4 Nxg6 34. Qxg6 Ne5 35. Qg3 exf2 36. Qxf2 Nc6 37. Rd1 Nxd4 38. Rxd4 Rc2 39. Kf1 Ba6 0-1

[Event "San Vicente op 9th"]
[Site "San Vicente"]
[Date "2025.04.19"]
[Round "6"]
[White "Camacho Collados, Marcos"]
[Black "Lazaro Pujol, Abel"]
[Result "1-0"]
[WhiteElo "2468"]
[BlackElo "2307"]
[PlyCount "153"]
[EventDate "2025.04.16"]
[EventType "swiss"]
[EventRounds "9"]
[EventCountry "ESP"]
[SourceTitle "CB17_2025"]
[SourceDate "2025.04.23"]
[SourceVersion "1"]
[SourceVersionDate "2025.04.23"]
[SourceQuality "1"]

1. Nf3 d5 2. e3 Nf6 3. b3 e6 4. Bb2 Bd6 5. d4 0-0 6. Bd3 b6 7. 0-0 Bb7 8. Ne5 c5 9. Nd2 Nc6 10. a3 Ne7 11. f4 Rc8 12. Qe2 b5 13. dxc5 Bxc5 14. b4 Bb6 15. Nb3 Ne4 16. Bd4 f6 17. Bxb6 axb6 18. Nf3 Nc3 19. Qe1 Qd6 20. Qh4 h6 21. Nbd4 Bc6 22. Nxc6 Nxc6 23. Qh5 f5 24. Kh1 Rf6 25. Qh4 d4 26. exd4 Nxd4 27. Ne5 Nc6 28. Rae1 Qd4 29. Nf3 Qd6 30. Rf2 Ra8 31. Ne5 Rxa3 32. Rf3 Nd5 33. Nxc6 Qxc6 34. Bxb5 Qa8 35. Bc6 Qa7 36. Bxd5 exd5 37. Qf2 Ra1 38. Rfe3 Rxe1+ 39. Rxe1 Qc7 40. h4 Rc6 41. Qf3 Qd8 42. Qh5 Rc8 43. Re6 b5 44. Kg1 Qf8 45. c3 Qf7 46. Qxf7+ Kxf7 47. Re5 Kf6 48. Rxd5 Rxc3 49. Rxb5 Rb3 50. Rb6+ Kf7 51. h5 Rb2 52. Kh2 Rb3 53. b5 Rb2 54. Kh3 Rb3+ 55. g3 Rb2 56. Rb8 Kf6 57. b6 g5 58. hxg6 Kxg6 59. b7 Kh5 60. Rf8 Rxb7 61. Rxf5+ Kg6 62. Ra5 Rb4 63. Ra6+ Kg7 64. Kg4 Rb3 65. Re6 Ra3 66. Kh4 Rb3 67. Ra6 Rb5 68. Ra7+ Kf6 69. Kg4 Rb3 70. Kh4 Rb5 71. Ra1 Kg6 72. g4 Rb3 73. f5+ Kf6 74. Ra6+ Kg7 75. Ra7+ Kg8 76. Kh5 Rb4 77. Ra6 1-0

[Event "San Vicente op 9th"]
[Site "San Vicente"]
[Date "2025.04.17"]
[Round "3"]
[White "Li, Guohao"]
[Black "Camacho Collados, Marcos"]
[Result "0-1"]
[WhiteElo "2356"]
[BlackElo "2468"]
[PlyCount "136"]
[EventDate "2025.04.16"]
[EventType "swiss"]
[EventRounds "9"]
[EventCountry "ESP"]
[SourceTitle "CB17_2025"]
[SourceDate "2025.04.23"]
[SourceVersion "1"]
[SourceVersionDate "2025.04.23"]
[SourceQuality "1"]

1. d4 Nf6 2. Nf3 e6 3. c4 Bb4+ 4. Nbd2 d5 5. a3 Be7 6. g3 c5 7. cxd5 Qxd5 8. dxc5 e5 9. e4 Qxc5 10. b4 Qc3 11. Rb1 Bg4 12. Bb2 Bxf3 13. Qa4+ Qc6 14. Bb5 Bxh1 15. Bxc6+ Nxc6 16. f3 0-0 17. b5 Nb8 18. Ke2 Bg2 19. Nc4 Nbd7 20. Nxe5 Nc5 21. Qc4 Rac8 22. Rc1 Bh3 23. g4 Rc7 24. Nd3 Rfc8 25. Qa2 Nxd3 26. Rxc7 Rxc7 27. Kxd3 Bf1+ 28. Ke3 Bxb5 29. Be5 Rd7 30. a4 Bc6 31. h4 Bc5+ 32. Kf4 Ne8 33. g5 Nc7 34. h5 Ne6+ 35. Kf5 Rd3 36. Qe2 Nd4+ 37. Bxd4 Rxd4 38. g6 hxg6+ 39. hxg6 fxg6+ 40. Kxg6 Be8+ 41. Kg5 Rxa4 42. f4 Be7+ 43. Kg4 Bd7+ 44. Kg3 Bc6 45. e5 Ra3+ 46. Kh2 Rf3 47. Qc4+ Kf8 48. Kg1 a5 49. Qd4 a4 50. e6 Rg3+ 51. Kh2 Rg6 52. Qe5 a3 53. f5 Rf6 54. Kg3 Be8 55. Kg4 b5 56. Qh2 Rh6 57. Qc2 b4 58. Kf4 Rh4+ 59. Ke5 Rh3 60. Qg2 Rh5 61. Qc2 g6 62. Ke4 Rxf5 63. Qh2 Bf6 64. Qd6+ Kg8 65. Qa6 b3 66. Qxa3 b2 67. Qa2 Rb5 68. Qb1 Kg7 0-1

[Event "Isle of Wight blitz op1"]
[Site "Isle of Wight"]
[Date "2025.02.19"]
[Round "3"]
[White "Camacho Collados, Marcos"]
[Black "Brewer, Callum D"]
[Result "1-0"]
[WhiteElo "2345"]
[BlackElo "2043"]
[PlyCount "133"]
[EventDate "2025.02.19"]
[EventType "swiss (blitz)"]
[EventRounds "7"]
[EventCountry "ENG"]
[SourceTitle "CB08_2025"]
[SourceDate "2025.02.19"]
[SourceVersion "1"]
[SourceVersionDate "2025.02.19"]
[SourceQuality "1"]

1. d4 Nf6 2. Nf3 d5 3. c3 e6 4. Bg5 Nbd7 5. Nbd2 Be7 6. e3 0-0 7. Bd3 c5 8. h4 b6 9. Ne5 Bb7 10. Qf3 Nxe5 11. dxe5 Nd7 12. Bf4 f6 13. Qh3 fxe5 14. Qxe6+ Rf7 15. Bxe5 Nxe5 16. Qxe5 Bf6 17. Qh5 g6 18. Qe2 Re7 19. h5 g5 20. Qf3 Qd6 21. 0-0-0 Rf8 22. Qh3 Bc8 23. Qh2 Qc6 24. Nf3 Qa4 25. Kb1 Bg4 26. Bc2 Qa5 27. Qd6 Ref7 28. Qxd5 Rd8 29. Qxd8+ Bxd8 30. Rxd8+ Rf8 31. Bb3+ Kg7 32. h6+ Kg6 33. Rxf8 Bf5+ 34. Ka1 c4 35. Bxc4 Qc5 36. Rg8+ Kf6 37. Bb3 Bg6 38. Nd4 a5 39. Rd1 b5 40. Nf3 a4 41. Bd5 a3 42. e4 axb2+ 43. Kxb2 b4 44. e5+ Ke7 45. Rg7+ Ke8 46. Rg8+ Ke7 47. Rg7+ Ke8 48. c4 Qxf2+ 49. Rd2 Qe3 50. Rg8+ Ke7 51. Rg7+ Ke8 52. Rxg6 Qc3+ 53. Kb1 b3 54. Rg8+ Ke7 55. Rg7+ Kf8 56. axb3 Qxb3+ 57. Kc1 Qc3+ 58. Kd1 Qa1+ 59. Ke2 Qh1 60. Rf7+ Ke8 61. Nxg5 Qh5+ 62. Nf3 Qg4 63. Rf6 Ke7 64. Re6+ Kf8 65. Rf6+ Ke7 66. Kf2 Qh5 67. Ra2 1-0

[Event "Isle of Wight blitz op1"]
[Site "Isle of Wight"]
[Date "2025.02.19"]
[Round "2"]
[White "Freeland, Alex"]
[Black "Camacho Collados, Marcos"]
[Result "0-1"]
[WhiteElo "1951"]
[BlackElo "2345"]
[PlyCount "64"]
[EventDate "2025.02.19"]
[EventType "swiss (blitz)"]
[EventRounds "7"]
[EventCountry "ENG"]
[SourceTitle "CB08_2025"]
[SourceDate "2025.02.19"]
[SourceVersion "1"]
[SourceVersionDate "2025.02.19"]
[SourceQuality "1"]

1. d4 Nf6 2. c4 d6 3. Nc3 e5 4. d5 a5 5. e4 Na6 6. Bd3 g6 7. Nge2 Bg7 8. 0-0 0-0 9. a3 Nh5 10. Rb1 f5 11. b4 f4 12. Bd2 f3 13. Ng3 fxg2 14. Kxg2 Qh4 15. f3 Qh3+ 16. Kg1 Nxg3 17. hxg3 Qxg3+ 18. Kh1 Bh3 19. Qe2 Bxf1 20. Rxf1 axb4 21. axb4 Nxb4 22. Nb5 Nxd3 23. Qxd3 Rf7 24. Be1 Qh3+ 25. Kg1 Raf8 26. Qe2 Bh6 27. c5 Rxf3 28. Rxf3 Rxf3 29. Bf2 Rb3 30. Qc2 Rxb5 31. cxd6 cxd6 32. Qc8+ Qxc8 0-1

[Event "BCF-chT 2425 (4NCL)"]
[Site "England"]
[Date "2025.02.15"]
[Round "5.51"]
[White "Camacho Collados, Marcos"]
[Black "Kovchan, Alexander"]
[Result "1/2-1/2"]
[WhiteElo "2459"]
[BlackElo "2456"]
[PlyCount "95"]
[EventDate "2024.11.23"]
[EventType "team-swiss"]
[EventRounds "11"]
[EventCountry "ENG"]
[SourceTitle "CB14_2025"]
[SourceDate "2024.11.01"]
[SourceVersion "1"]
[SourceVersionDate "2024.11.01"]
[SourceQuality "1"]
[WhiteTeam "Chessable White Rose"]
[BlackTeam "Barnet Knights"]
[WhiteTeamCountry "ENG"]
[BlackTeamCountry "ENG"]

1. e4 c5 2. Nc3 d6 3. Bb5+ Bd7 4. Bxd7+ Qxd7 5. f4 g6 6. Nf3 Bg7 7. 0-0 Nc6 8. d3 Nf6 9. Qe1 Nd4 10. Nxd4 cxd4 11. Ne2 Qa4 12. e5 dxe5 13. fxe5 Ng4 14. e6 f5 15. h3 Ne3 16. Bxe3 dxe3 17. c3 Qc2 18. Nf4 Qxb2 19. Nd5 Rd8 20. Rb1 Qd2 21. c4 Qxd3 22. Rd1 Qxc4 23. Qb4 Qxd5 24. Rxd5 Rxd5 25. Qxb7 Rd8 26. Qc6+ Kf8 27. Qc7 Re8 28. Rb1 Bf6 29. Rb8 Rxb8 30. Qxb8+ Kg7 31. Qc7 g5 32. Kf1 Kg6 33. Ke2 f4 34. Qc2+ Kg7 35. Qc7 a5 36. a4 Ra8 37. h4 Ra6 38. hxg5 Bxg5 39. Qe5+ Kg6 40. Qe4+ Kg7 41. Qe5+ Kg6 42. Qe4+ Kh6 43. Kf3 Rd6 44. Qf5 Rd2 45. Qf8+ Kg6 46. Qg8+ Kh6 47. Qf8+ Kg6 48. Qg8+ 1/2-1/2

[Event "ESP-ch 89th"]
[Site "Marbella"]
[Date "2024.12.19"]
[Round "9"]
[White "Camacho Collados, Marcos"]
[Black "Lin, Ying Rui"]
[Result "0-1"]
[WhiteElo "2461"]
[BlackElo "2392"]
[PlyCount "108"]
[EventDate "2024.12.11"]
[EventType "swiss"]
[EventRounds "9"]
[EventCountry "ESP"]
[SourceTitle "CB52_2024"]
[SourceDate "2024.12.25"]
[SourceVersion "1"]
[SourceVersionDate "2024.12.25"]
[SourceQuality "1"]

1. e4 c5 2. Nf3 d6 3. c3 Nf6 4. Be2 Nbd7 5. Qc2 b6 6. d4 cxd4 7. cxd4 Bb7 8. Nc3 Rc8 9. Bd3 g6 10. 0-0 d5 11. e5 Ne4 12. Ng5 Nxg5 13. Bxg5 Bg7 14. Qa4 a6 15. Qb3 0-0 16. Be2 h6 17. Bh4 g5 18. Bg3 e6 19. Bg4 Rc4 20. Qd1 f5 21. exf6 Qxf6 22. Re1 Rxd4 23. Bxe6+ Kh8 24. Qb3 Qd8 25. Bxd7 Qxd7 26. Qxb6 Rd2 27. Rad1 Rxd1 28. Nxd1 Re8 29. f3 Rxe1+ 30. Bxe1 d4 31. Bb4 g4 32. Nf2 gxf3 33. gxf3 Bxf3 34. Qb8+ Kh7 35. Qf4 Bb7 36. Qg3 Qc6 37. Bd2 Be5 38. Qd3+ Kh8 39. Qh3 Qg6+ 40. Kf1 Bg7 41. Nd3 Bc6 42. Kf2 Bb5 43. Qc8+ Kh7 44. Nf4 Qb1 45. Qc1 Qf5 46. Qc7 Qe4 47. Qc8 d3 48. b3 Bc6 49. Qg4 Bd4+ 50. Kg3 Be5 51. Kh3 Bd6 52. Kg3 Qg2+ 53. Kh4 Be7+ 54. Kh5 Be8+ 0-1

[Event "ESP-chT CECLUB Honor"]
[Site "Melilla"]
[Date "2024.10.13"]
[Round "2.12"]
[White "Vega Gutierrez, Belinda Vidina"]
[Black "Camacho Collados, Marcos"]
[Result "0-1"]
[WhiteElo "2168"]
[BlackElo "2453"]
[PlyCount "94"]
[EventDate "2024.10.12"]
[EventType "team-tourn"]
[EventRounds "7"]
[EventCountry "ESP"]
[SourceTitle "CB43_2024"]
[Source "Chessbase"]
[SourceDate "2024.10.23"]
[SourceVersion "1"]
[SourceVersionDate "2024.10.23"]
[SourceQuality "1"]
[WhiteTeam "Andreu Paterna"]
[BlackTeam "Costa Calida"]
[WhiteTeamCountry "ESP"]
[BlackTeamCountry "ESP"]

1. e4 c5 2. Nf3 d6 3. d4 cxd4 4. Nxd4 e5 5. Nb3 Nf6 6. Nc3 Be7 7. Be2 0-0 8. 0-0 a5 9. Bf3 a4 10. Nd2 Be6 11. Re1 Nc6 12. Nf1 Nd4 13. Ne3 Qc7 14. g3 a3 15. Bg2 Rfc8 16. Qd3 b5 17. Rd1 g6 18. Rd2 Qa5 19. Ncd5 Bxd5 20. exd5 b4 21. bxa3 bxa3 22. c4 Nd7 23. Nc2 Nc5 24. Qxa3 Qxd2 25. Bxd2 Nxc2 26. Qb2 Nxa1 27. Bf1 Rcb8 28. Qxa1 Nb3 29. Qb2 Nxd2 30. Qxd2 Rc8 31. Bd3 Rc5 32. Kg2 Rb8 33. a4 Bd8 34. Qa2 Ba5 35. h4 h5 36. Qc2 Kg7 37. Qe2 Rb3 38. Qe4 Bc3 39. Be2 Bd4 40. Qc2 Rb2 41. Qd3 Ra5 42. Qd1 Ra2 43. f4 R5xa4 44. fxe5 Bxe5 45. Kh3 R4a3 46. Bd3 Ra1 47. Qe2 Rg1 0-1

[Event "Galdar op"]
[Site "Galdar"]
[Date "2024.09.05"]
[Round "5"]
[White "Bibilashvili, Lali"]
[Black "Camacho Collados, Marcos"]
[Result "0-1"]
[WhiteElo "1865"]
[BlackElo "2460"]
[PlyCount "76"]
[EventDate "2024.09.02"]
[EventType "swiss"]
[EventRounds "9"]
[EventCountry "ESP"]
[SourceTitle "EXT 2025"]
[Source "ChessBase"]
[SourceDate "2024.10.14"]
[SourceVersion "1"]
[SourceVersionDate "2024.10.14"]
[SourceQuality "1"]

1. Nf3 Nf6 2. g3 g6 3. Bg2 Bg7 4. 0-0 0-0 5. d3 d5 6. Nbd2 c5 7. e4 dxe4 8. dxe4 Nc6 9. c3 Nd7 10. Qe2 Qc7 11. Ne1 b6 12. f4 a5 13. a4 Ba6 14. Nc4 b5 15. axb5 Bxb5 16. Nc2 Nb6 17. N2a3 Ba6 18. e5 Rad8 19. Qe4 Nxc4 20. Nxc4 Nd4 21. cxd4 Bxc4 22. Rd1 Bb3 23. Rd2 cxd4 24. Rxd4 f6 25. Be3 fxe5 26. Rxd8 Rxd8 27. Rc1 Qb8 28. Rc5 exf4 29. gxf4 Qd6 30. Rxa5 Qd1+ 31. Bf1 Bd5 32. Rxd5 Rxd5 33. Qxe7 Rd8 34. Qe6+ Kh8 35. b4 Qe1 36. b5 h6 37. Qb6 Rd1 38. Qb8+ Kh7 0-1

[Event "ESP-chT Rapid"]
[Site "Ubeda"]
[Date "2024.08.25"]
[Round "2.15"]
[White "Camacho Collados, Marcos"]
[Black "Neagu, Roberto Florin"]
[Result "1-0"]
[WhiteElo "2460"]
[BlackElo "2230"]
[PlyCount "203"]
[EventDate "2024.08.25"]
[EventType "team-swiss (rapid)"]
[EventRounds "7"]
[EventCountry "ESP"]
[SourceTitle "CBM 221 Extra"]
[Source "ChessBase"]
[SourceDate "2024.09.30"]
[SourceVersion "1"]
[SourceVersionDate "2024.09.30"]
[SourceQuality "1"]
[WhiteTeam "Costa Calida"]
[BlackTeam "Diagonal Alcorcon"]
[WhiteTeamCountry "ESP"]
[BlackTeamCountry "ESP"]

1. Nf3 Nf6 2. g3 g6 3. b3 Bg7 4. Bb2 b6 5. Bg2 Bb7 6. 0-0 0-0 7. c4 e6 8. d3 d5 9. Nc3 c5 10. Qd2 Nc6 11. Na4 Re8 12. Ne5 Qc7 13. Nxc6 Bxc6 14. Nc3 d4 15. Ne4 Nxe4 16. Bxe4 f5 17. Bxc6 Qxc6 18. b4 Qa4 19. a3 Bf8 20. e3 e5 21. exd4 cxd4 22. Rfe1 Qd7 23. Re2 Bg7 24. Rae1 Qc6 25. b5 Qd7 26. a4 Kf7 27. a5 bxa5 28. Qxa5 e4 29. c5 Qd5 30. c6 Kg8 31. c7 a6 32. Rc2 Qxb5 33. Qa2+ Kh8 34. dxe4 d3 35. Bxg7+ Kxg7 36. Qa1+ Kg8 37. Qa2+ Kg7 38. Qa1+ Kg8 39. Rd2 fxe4 40. Rc1 Rac8 41. Qd4 Qe5 42. Qc4+ Qe6 43. Qd4 Qf7 44. Qb6 Re7 45. Qxa6 Rexc7 46. Rxc7 Qxc7 47. Qe6+ Kf8 48. Qf6+ Kg8 49. Qe6+ Kf8 50. Qf6+ Kg8 51. Qe6+ Kg7 52. Ra2 d2 53. Rxd2 Qc1+ 54. Kg2 Qxd2 55. Qxc8 Qd3 56. Qc7+ Kg8 57. Qf4 Kg7 58. h4 Qd5 59. Qc7+ Kg8 60. Qb8+ Kg7 61. Qa7+ Kg8 62. Qe3 Qf5 63. Qe2 h5 64. Qe3 Kg7 65. Qd4+ Kf7 66. Qc3 Qd5 67. Qc7+ Kf6 68. Qf4+ Kg7 69. Kh2 Qf5 70. Qc7+ Kf6 71. Qc3+ Kf7 72. Kg2 Qd5 73. Qe3 Kg7 74. Qc3+ Kf7 75. Kg1 Qd1+ 76. Kg2 Qd5 77. Qe3 Kg7 78. Kg1 Qd1+ 79. Kh2 Qg4 80. Qa7+ Kf6 81. Qb6+ Kf7 82. Qc7+ Kf6 83. Qd6+ Kg7 84. Qe5+ Kf7 85. Qd5+ Kf6 86. Qd8+ Kf7 87. Qd5+ Kf6 88. Qc6+ Kg7 89. Qc3+ Kf7 90. Kg2 Qf5 91. Qb3+ Kg7 92. Kf1 Qe5 93. Qb7+ Kf6 94. Qa6+ Kf7 95. Qb7+ Kf6 96. Ke2 Qd4 97. Qc6+ Kf7 98. Qb5 Kg7 99. Qb3 Kf6 100. Qc2 Kf5 101. Qc8+ Kf6 102. Qh8+ 1-0